000 00232nam a2200097Ia 4500
008 230915s9999 xx 000 0 und d
050 _aTA357.B36.C.1
100 _aR.K.BANSAL
245 2 _aA TEXTBOOK OF FLUID MECHANICS
942 _cBK
999 _c63150
_d63150